000 00995cab a22002535a 4500
001 L153966
008 110927e20110924xxk 000 0 eng d
035 _a(Sirsi) u153966
041 0 _aeng
100 1 _aSimmons, Mark
245 0 0 _aFocus
_bBerks, Bucks and Oxfordshire
260 _c2011
490 _aEstates Gazette
_v(1138) 24 September 2011, 89-98(9)
520 _aOutlines office market requirements in the Thames Valley. Demand is upon the up for warehouse space in Milton Keynes. Looks at retail opportunities in Oxford. Market health check on industrial availability, take up and rents in Banbury, Bicester, Milton Keynes, Oxford, High Wycombe, Didcot, Marlow. Slough, Newbury, Reading and Bracknell.
590 _aKA
651 4 _aBERKSHIRE
651 4 _aBuckinghamshire
651 4 _aOxfordshire
690 _aPROPERTY-COMMERCIAL PROPERTY-COMMERCIAL PROPERTY MARKET
700 1 _aJack, Simon
700 1 _aHamilton, Helen
700 1 _aMeadwell, Stacey
942 _n0
999 _c83432
_d83432